Statistics for Top 100 Biggest Cities in Bulgaria

Click here to take the quiz!

General Stats

  • This quiz has been taken 295 times
  • The average score is 46 of 100

Answer Stats

#CityPopulation% Correct
1Sofia1,204,865
99%
2Plovdiv338,153
97%
3Varna334,870
96%
4Burgas200,271
94%
5Ruse149,642
84%
6Stara Zagora138,272
83%
7Pleven106,954
80%
16Veliko Tarnovo72,653
79%
9Dobrich91,030
76%
10Shumen80,855
76%
15Blagoevgrad70,881
75%
11Pernik80,191
75%
20Vidin48,071
75%
8Sliven91,620
74%
12Haskovo76,397
72%
24Montana43,781
72%
13Yambol74,132
71%
27Lovech36,600
70%
31Razgrad33,880
70%
14Pazardzhik71,979
68%
17Vratsa60,692
68%
18Gabrovo58,930
66%
25Dimitrovgrad38,785
65%
23Kardzhali43,880
63%
26Targovishte37,611
63%
22Kyustendil44,352
62%
19Asenovgrad50,846
61%
28Silistra35,607
61%
33Smolyan30,642
61%
21Kazanlak47,325
58%
90Bansko8,562
57%
67Nesebar12,133
55%
34Petrich29,836
55%
38Lom23,836
54%
41Nova Zagora23,325
54%
44Botevgrad20,444
50%
39Karlovo23,797
50%
68Balchik12,127
49%
29Dupnitsa35,506
48%
30Svishtov34,842
47%
40Velingrad23,479
47%
60Pomorie13,432
46%
37Sevlievo23,908
46%
49Svilengrad18,005
46%
85Byala8,890
44%
43Aytos20,930
42%
32Gorna Oryahovitsa32,079
42%
45Gotse Delchev19,721
42%
48Karnobat18,214
42%
36Samokov26,061
42%
42Troyan21,723
42%
74Mezdra10,769
39%
50Panagyurishte17,675
39%
80Tryavna9,569
38%
47Harmanli18,360
37%
71Kavarna11,340
37%
56Kozloduy13,752
36%
51Chirpan16,133
35%
61Ihtiman13,297
35%
76Levski10,528
35%
77Teteven10,429
35%
94Septemvri8,320
34%
65Razlog12,472
33%
54Radomir13,873
32%
87Isperih8,829
31%
97Svoge8,033
31%
79Bankya10,126
30%
78Elhovo10,367
30%
84Sopot9,076
30%
82Tutrakan9,371
30%
69Kostinbrod11,896
29%
64Novi Pazar12,613
29%
62Radnevo13,207
29%
58Berkovitsa13,721
28%
99Kubrat7,898
28%
46Peshtera19,288
28%
52Popovo15,286
28%
63Provadia12,766
28%
83Sredets9,122
28%
100Dryanovo7,892
27%
75Etropole10,750
27%
81Lukovit9,535
27%
66Byala Slatina12,289
26%
88Belene8,761
25%
59Cherven Bryag13,634
25%
89Omurtag8,612
25%
73Pavlikeni10,850
25%
53Rakovski15,052
25%
86Veliki Preslav8,886
25%
93Devnya8,369
24%
92Galabovo8,425
24%
72Knezha11,063
23%
55Novi Iskar13,855
23%
98Aksakovo7,978
21%
91Krichim8,463
21%
57Parvomay13,733
21%
35Sandaski26,959
21%
70Stamboliyski11,575
20%
96Lyaskovets8,164
19%
95Rakitovo8,277
17%

Score Distribution

Percentile by Number Answered

Percent of People with Each Score

Your Score History

You have not taken this quiz